000 01141nam a2200205Ia 4500
003 Ost
005 20260507075631.0
008 260507s9999||||xx |||||||||||||| ||und||
040 _cfsecg
041 _aara
082 _a657.42
100 _aعبد الحي، مرعي
_eمؤلف
245 0 _aمقدمة في أساسيات محاسبة التكاليف /
_c مرعي عبد الحي
260 _aالإسكندرية:
_bالمكتب الجامعي الحديث,
_c2006
300 _a416 صفحة؛
_c23 سم
520 _aتجد في هذا الكتاب : أهداف محاسبة التكاليف في الماضي والحاضر والمستقبل ، مفاهيم التكلفة وعناصرها ، نظم قياس تكلفة الإنتاج ،مدخل قياس التكلفة ، تسجيل عناصر التكاليف ، المحاسبة عن التكلفة الصناعية غير المباشرة والرقابة عليها الرقابة على الموارد والخامات
653 _aمحاسبة التكاليف
700 _aهلال، عبد الله عبد العظيم
_eمؤلف ثانوي
942 _cكتاب
999 _c45213
_d45213